[Event "I American Continental"]
[Site "Cali COL"]
[Date "2001.08.15"]
[Round "6"]
[White "Mendoza,Raf"]
[Black "Sunye Neto,J"]
[Result "1/2-1/2"]
[WhiteElo "2357"]
[BlackElo "2558"]

1.e4 c5 2.Nf3 e6 3.d4 cxd4 4.Nxd4 a6 5.Bd3 Bc5 6.Nb3 Ba7 7.Nc3 Nc6 8.Qe2 d6
9.Be3 Nf6 10.O-O b5 11.Bxa7 Rxa7 12.f4 b4 13.Nd1 e5 14.f5 a5 15.Ne3 O-O 16.a4 bxa3
17.bxa3 Qb6 18.Kh1 Nd4 19.Nxd4 Qxd4 20.Ng4 Nxg4 21.Qxg4 f6 22.Rad1 Qc5 23.Qe2 Rc7
24.Rf3 Bd7 25.Rg3 Rd8 26.Qg4 Be8 27.Qh4 Kh8 28.Rf1 d5 29.exd5 Rxd5 30.Rg4 Rd8
31.a4 Bf7 32.h3 Rcd7 33.Qg3 Bd5 34.Rb1 Bg8 35.Kh2 Qc7 36.Kh1 Rd4 37.Re4 R4d7
38.Qe1 Bd5 39.Rh4 Bc6 40.Rc4 Rd4 41.Qc3 Rxc4 42.Qxc4 Qd7 43.Be4 Bxe4 44.Qxe4 h6
45.Rb5 Qd2 46.Qg4 Rc8 47.Rb7 Qg5 48.Qxg5 hxg5 49.Rb5 Rxc2 50.Rxa5 Kh7 51.g4 e4
52.Ra6 Ra2 53.a5 e3 54.Re6 e2 55.Kg1 g6 56.fxg6+ Kxg6 57.Kf2 Rxa5 58.Rxe2  1/2-1/2

[Event "I American Continental"]
[Site "Cali COL"]
[Date "2001.08.19"]
[Round "10"]
[White "Cuartas,J"]
[Black "Sanchez,V"]
[Result "1-0"]
[WhiteElo "2362"]
[BlackElo "2287"]

1.e4 c5 2.Nf3 e6 3.d4 cxd4 4.Nxd4 a6 5.Bd3 Nf6 6.O-O d6 7.Qe2 g6 8.c4 Bg7
9.Nc3 O-O 10.Be3 Nbd7 11.Rac1 b6 12.Rfd1 Re8 13.f3 Bb7 14.Qf2 d5 15.Nde2 dxe4
16.Bxe4 Qc7 17.Bxb7 Qxb7 18.Ng3 Rec8 19.Nce4 Rc6 20.Qe2 Nxe4 21.Nxe4 Nc5
22.Nf2 Rac8 23.Rd2 Qe7 24.Rcd1 h5 25.b3 Bc3 26.Rc2 Bf6 27.Rcd2 Bc3 28.Bxc5 bxc5
29.Rd7 Qf8 30.Ne4 Bd4+ 31.R1xd4 cxd4 32.Nf6+ Kh8 33.Qe5 Qg7 34.Qxd4 Qf8 35.Nd5+ Qg7
36.Ne7 e5 37.Qd2 R6c7 38.Rxc7  1-0

[Event "Rubinstein Open"]
[Site "Polanica Zdroj POL"]
[Date "2001.08.19"]
[Round "4"]
[White "Krzesaj,R"]
[Black "Anuszkiewicz,K"]
[Result "1/2-1/2"]
[WhiteElo "2073"]
[BlackElo "2257"]

1.e4 c5 2.Nf3 e6 3.d4 cxd4 4.Nxd4 a6 5.Bd3 Bc5 6.Nb3 Be7 7.Qg4 g6 8.Qe2 d6
9.O-O Nd7 10.Kh1 Qc7 11.a4 b6 12.Nc3 Bb7 13.Be3 h5 14.f4 Ngf6 15.Rf3 Ng4
16.Bd2 g5 17.fxg5 Nde5 18.Rh3 Qd8 19.Nd1 Bxg5 20.Ne3 Bxe3  1/2-1/2

[Event "WJun Women"]
[Site "Athens GRE"]
[Date "2001.08.20"]
[Round "5"]
[White "Ubiennykh,E"]
[Black "Papp,Ju"]
[Result "1-0"]
[WhiteElo "2288"]
[BlackElo "2121"]

1.e4 c5 2.Nf3 e6 3.d4 cxd4 4.Nxd4 a6 5.Bd3 Qb6 6.Nb3 Qc7 7.Be3 Nf6 8.O-O d6
9.c4 Nbd7 10.f4 g6 11.Nc3 Bg7 12.Rc1 O-O 13.g4 Nc5 14.e5 Nfd7 15.exd6 Qxd6
16.Nxc5 Nxc5 17.Bxg6 Qe7 18.Bb1 b6 19.b4 Nd7 20.Qf3 Rb8 21.c5 bxc5 22.bxc5 Nxc5
23.Qh3 h6 24.Nd5 exd5 25.Bxc5 Qe2 26.f5 Bb7 27.Rf2 Qe5 28.f6 Qg5 29.Be3  1-0

[Event "I American Continental"]
[Site "Cali COL"]
[Date "2001.08.20"]
[Round "11"]
[White "Carvajal,N"]
[Black "Barros,R"]
[Result "1-0"]
[WhiteElo "2279"]
[BlackElo "2088"]

1.e4 c5 2.Nf3 e6 3.d4 cxd4 4.Nxd4 a6 5.Bd3 Qc7 6.O-O Nc6 7.Nxc6 bxc6 8.c4 Nf6
9.Qe2 d6 10.f4 Be7 11.Kh1 Nd7 12.Nd2 c5 13.Nf3 Bb7 14.Bd2 Bf6 15.Rab1 a5
16.Qe1 Nb8 17.e5 dxe5 18.fxe5 Bd8 19.Qg3 g6 20.Ng5 Bxg5 21.Bxg5 Nd7 22.Rbe1 h6
23.Bd2 Nf8 24.Be4 Bxe4 25.Rxe4 O-O-O 26.Qe1 Rd7 27.Bxa5 Qb7 28.b4 Nh7 29.Re3 cxb4
30.Bxb4 Qc6 31.Bd6 Ra7 32.Rb3 Rb7 33.Qa5 Rxb3 34.axb3 Ng5 35.Ra1 Rd8 36.Qa7 Ne4
37.Qb8+  1-0

[Event "Open"]
[Site "Lisbon POR"]
[Date "2001.08.21"]
[Round "1"]
[White "Aleksieva,S"]
[Black "Horvath,Jo"]
[Result "0-1"]
[WhiteElo "2360"]
[BlackElo "2542"]

1.e4 c5 2.Nf3 e6 3.d4 cxd4 4.Nxd4 a6 5.Bd3 g6 6.f4 Bg7 7.Nf3 Nc6 8.Nbd2 Nge7
9.e5 d6 10.exd6 Qxd6 11.Nc4 Qc7 12.a4 Nd5 13.g3 O-O 14.O-O Bd7 15.Qe2 Nd4
16.Nxd4 Bxd4+ 17.Kg2 Nb4 18.Ne5 Nxd3 19.cxd3 Rac8 20.Nxd7 Qxd7 21.Be3 Qd5+
22.Kg1 Rc2 23.Qxc2 Bxe3+ 24.Rf2 Rd8 25.Ra3 e5 26.fxe5 Re8 27.d4 Bxd4 28.Rd3 Rxe5
29.Rxd4 Re1+ 30.Rf1 Qxd4+ 31.Kg2 Qd5+ 32.Rf3 Re3 33.Qf2 Rd3  0-1

[Event "Open"]
[Site "Lisbon POR"]
[Date "2001.08.22"]
[Round "2"]
[White "Wiese,HJ"]
[Black "Guimaraes,R"]
[Result "1-0"]
[WhiteElo "2182"]
[BlackElo "2086"]

1.e4 c5 2.Nf3 e6 3.d4 cxd4 4.Nxd4 a6 5.Bd3 Bc5 6.Nb3 Ba7 7.O-O Qc7 8.Nc3 Nf6
9.Kh1 Nc6 10.f4 d6 11.Qe2 b5 12.Bd2 O-O 13.a3 Bb7 14.Rae1 Ne7 15.e5 Nfd5
16.exd6 Nxc3 17.Bxc3 Qxd6 18.Bb4 Qd7 19.Rd1 Bd5 20.Bxe7 Qxe7 21.Bxh7+ Kxh7
22.Rxd5 Qf6 23.Rh5+ Kg8 24.c3 g6 25.Rh3 Kg7 26.Nd2 Rh8 27.Ne4 Qf5 28.Rxh8 Rxh8
29.Qf3 Rh4 30.g3 Rh8 31.Rd1 e5 32.Rd5 Qh3 33.Qe2 Bb8 34.fxe5 Qe6 35.Nf6 Qf5
36.Ng4 Re8 37.Kg2 Qe6 38.Qf3 Kf8 39.Nf6 Re7 40.Rd8+ Kg7 41.Rg8+  1-0

[Event "Caissa IM"]
[Site "Miercurea Ciuc ROM"]
[Date "2001.08.22"]
[Round "3"]
[White "Bromberger,S"]
[Black "Orso,M"]
[Result "0-1"]
[WhiteElo "2353"]
[BlackElo "2401"]

1.e4 c5 2.Nf3 e6 3.d4 cxd4 4.Nxd4 a6 5.Bd3 d5 6.O-O dxe4 7.Bxe4 Nf6 8.Bf3 Qc7
9.Re1 Be7 10.Qe2 O-O 11.Nd2 Re8 12.Qc4 Bd6 13.Qxc7 Bxc7 14.Nc4 e5 15.Bg5 Nbd7
16.Nf5 h6 17.Bh4 Re6 18.Bg3 g6 19.Nxh6+ Kg7 20.Ng4 Nxg4 21.Bxg4 f5 22.Bf3 g5
23.Rad1 Re7 24.h3 f4 25.Bh2 Nf6 26.Nd2 a5 27.Ne4 Nxe4 28.Bxe4 a4 29.Kf1 Ba5
30.c3 Be6 31.Bd5 Bf5 32.f3 Rd8 33.Bg1 Kf6 34.Bc4 Red7 35.Ke2 a3 36.b4 Bc7
37.Rxd7 Rxd7 38.Rd1 Rxd1 39.Kxd1 e4 40.Bd4+ Be5 41.Bd5 e3 42.Bxe5+ Kxe5 43.Bc4 b5
44.Bxb5 Be6 45.Kc2 Bxa2 46.Be2 Kd5 47.b5 Kc5 48.Kc1 Bc4 49.b6 Bd5 50.c4 Bc6
51.Kb1 Kxb6 52.Ka2 Ka5 53.Kxa3 Ba4 54.Ka2 Kb4 55.Kb2 Bb3 56.c5 Bd5 57.Ba6 Kxc5
58.Kc3 Be6 59.Bb7 Bc4 60.h4 gxh4 61.Bc8 Bf1 62.Bh3 Kd5 63.Kc2 Kd4 64.Kd1 Bc4
65.Ke1 Kc3 66.Bd7 Bd3 67.Bc8 Bc4 68.Bd7 Kd4 69.Bc8 Ke5 70.Bd7 Be6 71.Bc6 h3
72.gxh3 Bxh3 73.Ke2 Be6 74.Be8 Bc4+ 75.Ke1 Kf6 76.Bc6 Kg5 77.Be4 Kh4 78.Bc6 Kg3
79.Bb7 Kh4 80.Bc6 Kg5 81.Bb7 Kf6 82.Bc6 Ke5 83.Be8 Kd4 84.Bh5 Kc3 85.Bg4 Bb5
86.Bf5 Ba6 87.Bg6 Bb7 88.Bh5 Bd5 89.Ke2 Kc2 90.Bg6+ Kc1 91.Bh5 Bb7 92.Bg6 Bxf3+  0-1

[Event "VI Cup GM"]
[Site "Paks HUN"]
[Date "2001.08.22"]
[Round "5"]
[White "Arnold,L"]
[Black "Kustar,S"]
[Result "0-1"]
[WhiteElo "2408"]
[BlackElo "2409"]

1.e4 c5 2.Nf3 e6 3.d4 cxd4 4.Nxd4 a6 5.Bd3 Nf6 6.O-O d6 7.c4 Qc7 8.Nc3 g6
9.Qe2 Bg7 10.Rd1 O-O 11.Nf3 Nbd7 12.h3 b6 13.Bf4 Nh5 14.Bh2 Bb7 15.Bc2 Ne5
16.Bb3 Bh6 17.Nd4 Qe7 18.Qf1 g5 19.f3 Rac8 20.Rac1 Bg7 21.Nce2 Rfd8 22.Qf2 Ba8
23.Qe3 h6 24.Rc2 Nf6 25.a3 Rc5 26.Ba2 Rdc8 27.Rdc1 R5c7 28.Bg3 Nfd7 29.b4 Kh8
30.Bb3 Rg8 31.Bf2 Rgc8 32.Ng3 Nf6 33.Qd2 Rg8 34.Be3 Bf8 35.Nde2 Nfd7 36.Bd4 Rc8
37.Qe3 Rb8 38.Ba4 Kh7 39.Bb3 Bg7 40.Rd1 Rgc8 41.Rdc1 Bf8 42.Kh1 Qf6 43.Ba4 Qd8
44.Bb3 Be7 45.Qd2 Qg8 46.Ba4 Qg6 47.Rc3 Rc7 48.Be3 Rbc8 49.Bb3 Bc6 50.Nd4 Bb7
51.Nde2 Rd8 52.Qe1 Rb8 53.Qd2 Ba8 54.Qe1 Rcc8 55.Qd2 Rd8 56.Qe1 a5 57.Bd2 axb4
58.axb4 b5 59.cxb5 Rxb5 60.Re3 Rbb8 61.Rc7 Bf8 62.Qc1 Bg7 63.f4 gxf4 64.Nxf4 Qg5
65.Ngh5 Bh8 66.Rg3 Qh4 67.Qe1 Qe7 68.Qe3 Qh4 69.Bd1 Rg8 70.Rxg8 Kxg8 71.Kh2 Qd8
72.Qg3+ Qg5 73.Qe1 Qd8 74.Qg3+ Kh7 75.Ra7 Bxe4 76.Qe3 Bf5 77.g4 Bg6 78.Nxg6 Nxg6
79.Qxh6+ Kg8 80.Qe3 d5 81.Bc2  0-1

[Event "Rubinstein Open"]
[Site "Polanica Zdroj POL"]
[Date "2001.08.22"]
[Round "7"]
[White "Luch,M"]
[Black "Chojnacki,K"]
[Result "1/2-1/2"]
[WhiteElo "2115"]
[BlackElo "2228"]

1.e4 c5 2.Nf3 e6 3.d4 cxd4 4.Nxd4 a6 5.Bd3 Nf6 6.O-O Qc7 7.c4 d6 8.Nc3 g6
9.Be3 Bg7 10.Qe2 O-O 11.Rac1 Nc6 12.Nxc6 bxc6 13.Rfd1 e5 14.f3 Rb8 15.b3 Rd8
16.Bb1 Nh5 17.c5 Nf4 18.Qe1 dxc5 19.Bxc5 Be6 20.g3 Nh3+  1/2-1/2

[Event "Rubinstein Open"]
[Site "Polanica Zdroj POL"]
[Date "2001.08.22"]
[Round "7"]
[White "Guliev,L"]
[Black "Gratka,K"]
[Result "1-0"]
[WhiteElo "2371"]
[BlackElo "2307"]

1.e4 c5 2.Nf3 e6 3.d4 cxd4 4.Nxd4 a6 5.Bd3 Nf6 6.O-O d6 7.c4 Be7 8.Nc3 O-O
9.Be3 b6 10.f4 Bb7 11.a3 Nc6 12.b4 Nxd4 13.Bxd4 Nd7 14.Rc1 Rc8 15.Kh1 Bf6
16.Be2 Qc7 17.Qd2 Rfd8 18.Rfd1 Qc6 19.Qe1 Qc7 20.Qg1 Rb8 21.Nd5 exd5 22.cxd5 Bxd4
23.Qxd4 Nc5 24.bxc5 dxc5 25.Qc3 Qe7 26.Bf3 Qf6 27.Qe3 Re8 28.Rb1 Qe7 29.Rxb6 Rbc8
30.Qb3 Ba8 31.Qc4 a5 32.h3 h6 33.e5  1-0

[Event "WJun Women"]
[Site "Athens GRE"]
[Date "2001.08.23"]
[Round "7"]
[White "Aarthie,R"]
[Black "Paehtz,E"]
[Result "1/2-1/2"]
[WhiteElo "2249"]
[BlackElo "2383"]

1.e4 c5 2.Nf3 e6 3.d4 cxd4 4.Nxd4 a6 5.Bd3 Nf6 6.O-O Qc7 7.c4 d6 8.Nc3 Nbd7
9.Qe2 g6 10.Rd1 Bg7 11.Nf3 O-O 12.Bf4 Ng4 13.Rac1 b6 14.Qd2 e5 15.Nd5 Qd8
16.Bg5 f6 17.Be3 Bb7 18.Bb1 Rf7 19.h3 Nxe3 20.Qxe3 Rc8 21.a3 Qf8 22.Qe2 Kh8
23.Rc3 Rb8 24.b4 Bh6 25.h4 Rc8  1/2-1/2

[Event "10th Open"]
[Site "Kavala GRE"]
[Date "2001.08.24"]
[Round "4"]
[White "Markidis,K"]
[Black "Istratescu,A"]
[Result "0-1"]
[WhiteElo "2342"]
[BlackElo "2598"]

1.e4 c5 2.Nf3 e6 3.d4 cxd4 4.Nxd4 a6 5.Bd3 Nf6 6.O-O Qc7 7.Qe2 d6 8.c4 g6
9.Nc3 Bg7 10.Nf3 O-O 11.Bf4 Nh5 12.Bd2 Nd7 13.Rac1 b6 14.Rfd1 Bb7 15.Be3 Rac8
16.Qd2 Rfe8 17.Bh6 Red8 18.Bxg7 Kxg7 19.b3 Nhf6 20.Qf4 Ne8 21.Be2 h6 22.h3 Qb8
23.a4 a5 24.Rb1 Qa8 25.Ne1 Bc6 26.f3 Nc5 27.Nd3 e5 28.Qe3 Nc7 29.Nd5 Nxd5
30.cxd5 Be8 31.Rdc1 Qa7 32.Nxc5 bxc5 33.Bc4 Rb8 34.f4 exf4 35.Qxf4 Qe7 36.Re1 f6
37.Rbc1 Qe5 38.Qxe5 fxe5 39.Kf2 Bd7 40.Ke3 Rf8 41.Rf1 Rb6 42.Rxf8 Kxf8 43.Rf1+ Ke7
44.Kd3 Bc8 45.Bb5 g5 46.Rf2 Rb8 47.Kc3 Bb7 48.Be2 Rg8 49.Bh5 Rg7 50.Bg4 Rf7
51.Rxf7+ Kxf7 52.Be2 Ke7 53.Kd2 Bc8 54.Ke3 Bd7 55.Kf3 h5 56.Kf2 h4 57.g4 hxg3+
58.Kxg3 Kd8 59.h4 gxh4+ 60.Kxh4 Kc7 61.Bc4 Kb6 62.Kg3 Be8 63.Kf3 Bh5+ 64.Ke3 Bg4
65.Kf2 Bd1 66.Ke3 Bc2 67.Kf3 Kc7 68.Ke3 Kd8 69.Kf3 Ke7 70.Ke3 Kf6 71.Kf3 Kg6
72.Ke3 Kg5 73.Kd2 Bxe4 74.Ke3 Bh1  0-1

[Event "WJun Women"]
[Site "Athens GRE"]
[Date "2001.08.25"]
[Round "9"]
[White "Gorlin,Y"]
[Black "Zigangirova,S"]
[Result "1-0"]
[WhiteElo "2106"]
[BlackElo "2150"]

1.e4 c5 2.Nf3 e6 3.d4 cxd4 4.Nxd4 a6 5.Bd3 Bc5 6.Nb3 Ba7 7.Nc3 Nc6 8.Qe2 Nge7
9.Be3 e5 10.O-O O-O 11.Bxa7 Rxa7 12.a4 d6 13.Bc4 Ng6 14.Rad1 Nf4 15.Qe3 Qg5
16.Qg3 Qe7 17.Nd5 Nxd5 18.exd5 Nb8 19.f4 Nd7 20.Rde1 exf4 21.Qf2 Qg5 22.Qxa7 b6
23.Bxa6 f3 24.Rxf3 Qh4 25.Rff1 Qxa4 26.Ra1 Qe4 27.Bxc8 Qe3+ 28.Kh1  1-0

[Event "VI Cup GM"]
[Site "Paks HUN"]
[Date "2001.08.25"]
[Round "8"]
[White "Groszpeter,A"]
[Black "Arnold,L"]
[Result "1-0"]
[WhiteElo "2495"]
[BlackElo "2408"]

1.e4 c5 2.Nf3 e6 3.d4 cxd4 4.Nxd4 a6 5.Bd3 Bc5 6.Nb3 Ba7 7.O-O Ne7 8.Nc3 O-O
9.Kh1 e5 10.f4 exf4 11.Bxf4 Nbc6 12.Bd6 Bb8 13.e5 Nxe5 14.Bxh7+ Kxh7 15.Qh5+ Kg8
16.Qxe5 Ng6 17.Qg3 Bxd6 18.Qxd6 a5 19.Qd5 Ra6 20.Nc5 Rc6 21.Rad1 d6 22.N5e4 Qh4
23.Nxd6 Be6 24.Qd4 Qh5 25.Nde4 Rc4 26.Qf2 b5 27.b3 Rc6 28.Rd2 b4 29.Ne2 Qe5
30.N4g3 Rfc8 31.Nd4 R6c7 32.Re1 Qc5 33.Nxe6 Qxf2 34.Rxf2 fxe6 35.Ree2 e5
36.Ne4 Ra7 37.g3 a4 38.Kg2 Rca8 39.Rd2 Rc8 40.Rd6 axb3 41.cxb3 Rac7 42.Rxg6  1-0

[Event "Rubinstein Open"]
[Site "Polanica Zdroj POL"]
[Date "2001.08.25"]
[Round "10"]
[White "Balcerak,P"]
[Black "Goj,A"]
[Result "1/2-1/2"]
[WhiteElo "2170"]
[BlackElo "2280"]

1.e4 c5 2.Nf3 e6 3.d4 cxd4 4.Nxd4 a6 5.Bd3 Nf6 6.O-O Qc7 7.Qe2 d6 8.c4 g6
9.Nc3 Bg7 10.Rd1 O-O 11.Nf3 Nc6 12.Bf4 Nd7 13.Rac1 Nce5 14.Nxe5 Nxe5 15.b3 Re8
16.Qd2 b6 17.Bb1 Bf8 18.Bh6 Be7 19.Ne2 Bb7 20.Nd4 Rac8  1/2-1/2

[Event "WJun Women"]
[Site "Athens GRE"]
[Date "2001.08.26"]
[Round "10"]
[White "Khukhashvili,S"]
[Black "Ubiennykh,E"]
[Result "1-0"]
[WhiteElo "2295"]
[BlackElo "2288"]

1.e4 c5 2.Nf3 e6 3.d4 cxd4 4.Nxd4 a6 5.Bd3 Nf6 6.O-O Qc7 7.Nc3 Be7 8.a4 b6
9.Kh1 d6 10.f4 Nbd7 11.Qe2 Nc5 12.f5 e5 13.Nf3 Bb7 14.Bd2 Rd8 15.Rfe1 a5
16.Bg5 O-O 17.Nb5 Qb8 18.Bxf6 Bxf6 19.c4 Rfe8 20.Bc2 Bc6 21.g4 h6 22.h4 g5
23.Qe3 Kg7 24.hxg5 hxg5 25.Kg2 Rh8 26.Nc3 Rdg8 27.Rab1 Qe8 28.b3 Be7 29.Qf2 Rh6
30.b4 axb4 31.Rxb4 f6 32.Rxb6 Bd8 33.Rb8 Na6 34.Qa7+ Nc7 35.Nb5 Bxb5 36.cxb5 Qf7
37.Qe3 Rgh8 38.Bb3 Qd7 39.b6 Na6 40.Be6 Qe7 41.Rc8 Nc5 42.Rb1 Qb7 43.Rxc5 dxc5
44.Rd1 Qxb6 45.Rd7+ Kf8 46.Rf7+ Kg8 47.Rb7+ Kf8 48.Rxb6 Bxb6 49.Qd3 Bc7 50.Qd7 R6h7
51.Qc8+  1-0

[Event "Open"]
[Site "Lisbon POR"]
[Date "2001.08.26"]
[Round "6"]
[White "Palac,M"]
[Black "Galego,L"]
[Result "1/2-1/2"]
[WhiteElo "2578"]
[BlackElo "2467"]

1.e4 c5 2.Nf3 e6 3.d4 cxd4 4.Nxd4 a6 5.Bd3 Qc7 6.O-O Nf6 7.Qe2 d6 8.c4 g6
9.Nc3 Bg7 10.Rd1 O-O 11.Nf3 Nc6 12.h3 Nd7 13.Bf4 Nde5 14.Rac1 Bd7 15.b3 Nxf3+
16.Qxf3 Nd4 17.Qe3 e5 18.Bh6 Be6 19.Bxg7 Kxg7 20.Ne2 Nxe2+ 21.Bxe2 Rad8 22.Rc3 Qc5
23.Rcd3 Qxe3 24.fxe3 b5 25.c5 Rc8 26.Rxd6 Rxc5 27.Rxa6 b4 28.Rd2 Rb8 29.Kf2 h5
30.Ra7 Kf6 31.Kf3 Kg5 32.Bf1 h4 33.Kf2 Rb6 34.Ra6 Rb8 35.Be2 Rb7 36.Bd1 Rb8
37.Ke1 Rc3 38.Ke2 Kf6 39.Rc2 Rd8 40.Rd2 Rb8 41.Rdd6 Rc5 42.Rd5 Rc7 43.Rdd6 Rc5
44.Rdc6 Rxc6 45.Rxc6 Ra8 46.Rc2 Ke7 47.Ke1 Kd6 48.Be2 Ra5 49.Kd2 Ra8 50.Kc1 g5
51.Kd2 Ra5 52.Ke1 Ra8 53.Kf2 f6 54.Kf3 Ra7 55.Bb5 Ra8 56.Rc6+ Ke7 57.Rc7+ Kd6
58.Rc6+ Ke7 59.Ba4 Rd8 60.Rc7+ Kf8 61.Rb7 Rd2 62.Rb8+ Ke7 63.Rb7+ Kf8 64.Bc6 Bf7
65.Bd5 Bh5+ 66.g4 hxg3 67.Kxg3 Rxa2 68.Rb6 Kg7 69.Rb7+ Kf8 70.Rb8+ Kg7 71.Rb7+ Kf8  1/2-1/2

[Event "Open"]
[Site "Lisbon POR"]
[Date "2001.08.27"]
[Round "7"]
[White "Moreno Tejera,E"]
[Black "Oratovsky,M"]
[Result "0-1"]
[WhiteElo "2290"]
[BlackElo "2493"]

1.e4 c5 2.Nf3 e6 3.d4 cxd4 4.Nxd4 a6 5.Bd3 g6 6.b3 Qa5+ 7.Bd2 Qc5 8.Be3 Qc7
9.O-O Bg7 10.Nd2 Nf6 11.f4 d6 12.Kh1 Nbd7 13.N4f3 Ng4 14.Bg1 Bxa1 15.Qxa1 O-O
16.h3 Ngf6 17.g4 b5 18.Bd4 Ne8 19.e5 Bb7 20.Kh2 f6 21.Qe1 dxe5 22.fxe5 fxe5
23.Nxe5 Rxf1 24.Nxf1 Nxe5 25.Bxe5 Qc6 26.Qe2 Qf3 27.Qxf3 Bxf3 28.Kg3 Bb7
29.Ne3 Rd8 30.g5 Ng7 31.Ng4 Nf5+ 32.Kf4 Bg2 33.h4 Bb7 34.h5 gxh5 35.Nf6+ Kf7
36.Nxh5 h6 37.gxh6 Nxh6 38.Nf6 Ke7 39.Ne4 Rf8+ 40.Kg3 Nf5+ 41.Kg4 Ne3+ 42.Kg3 Rc8
43.Nd6 Rg8+ 44.Kh4 Bf3 45.c4 Rg4+ 46.Kh3 Nd1 47.Bf1 Rg1 48.cxb5 axb5 49.Bxb5 Nf2+
50.Kh4 Rg4+  0-1

[Event "Caissa IM"]
[Site "Miercurea Ciuc ROM"]
[Date "2001.08.29"]
[Round "10"]
[White "Bromberger,S"]
[Black "Lutz,D"]
[Result "1-0"]
[WhiteElo "2353"]
[BlackElo "2078"]

1.e4 c5 2.Nf3 e6 3.d4 cxd4 4.Nxd4 a6 5.Bd3 Qc7 6.O-O Nf6 7.Qe2 d6 8.c4 Nbd7
9.b3 Be7 10.Bb2 Ne5 11.Bc2 Ng6 12.Nc3 O-O 13.Kh1 Re8 14.f4 Bf8 15.Rae1 Nd7
16.Qh5 Qc5 17.e5 dxe5 18.Ne4 Nf6 19.Nxf6+ gxf6 20.fxe5 fxe5 21.Rxf7 Kxf7
22.Qxh7+ Bg7 23.Bxg6+ Ke7 24.Qxg7+ Kd8 25.Rd1  1-0

[Event "Schwarzach Open A"]
[Site "Salzburg AUT"]
[Date "2001.08.30"]
[Round "6"]
[White "Groetz,H"]
[Black "Okhotnik,V"]
[Result "1-0"]
[WhiteElo "2305"]
[BlackElo "2446"]

1.e4 c5 2.Nf3 e6 3.d4 cxd4 4.Nxd4 a6 5.Bd3 d5 6.exd5 Qxd5 7.O-O Nf6 8.Nc3 Qd8
9.Re1 Be7 10.Bg5 O-O 11.Nf3 Nbd7 12.Ne4 Nxe4 13.Bxe7 Nxf2 14.Bxh7+ Kxh7 15.Qd6 Qb6
16.Qxb6 Nxb6 17.Bxf8 Ng4 18.Rad1 f6 19.Rd6 Kg8 20.Bxg7 Nc4 21.Rd4 e5 22.Rxc4 Kxg7
23.Rc7+ Kg6 24.h3 Nh6 25.g4 Nf7 26.Nh4+ Kg7 27.Rd1 Be6 28.Re7 Rh8 29.Nf5+ Bxf5
30.gxf5 Rxh3 31.Rdd7 Kh6 32.Rxf7 Kg5 33.Kg2 Rh6 34.Rh7  1-0

[Event "FSIMA September"]
[Site "Budapest HUN"]
[Date "2001.09.02"]
[Round "2"]
[White "Hajnal,Z"]
[Black "Nemeth,Z"]
[Result "1-0"]
[WhiteElo "2355"]
[BlackElo "2328"]

1.e4 c5 2.Nf3 e6 3.d4 cxd4 4.Nxd4 a6 5.Bd3 Nf6 6.O-O d6 7.c4 Nbd7 8.Qe2 g6
9.b3 Bg7 10.Bb2 b6 11.f4 Qc7 12.Nd2 O-O 13.Rae1 Bb7 14.e5 Nh5 15.Nc2 Bh6
16.g3 dxe5 17.fxe5 Rad8 18.b4 b5 19.Ne4 bxc4 20.Bxc4 Nb6 21.Bb3 Nd5 22.a3 Qc6
23.Nd4 Qb6 24.Qf2 a5 25.b5 a4 26.Bxa4 Ne3 27.Rxe3 Rxd4 28.Ree1 Rfd8 29.Bxd4 Qxd4
30.Qxd4 Rxd4 31.Bc2 Bf8 32.g4 Ng7 33.Nf6+ Kh8 34.Be4 Bxe4 35.Rxe4 Rxe4 36.Nxe4 Bxa3
37.Ra1  1-0

[Event "EYCC B18"]
[Site "Halkidiki GRE"]
[Date "2001.09.02"]
[Round "3"]
[White "Anatsko,E"]
[Black "Kritz,L"]
[Result "0-1"]
[WhiteElo "2346"]
[BlackElo "2423"]

1.e4 c5 2.Nf3 e6 3.d4 cxd4 4.Nxd4 a6 5.Bd3 Qb6 6.Nb3 Qc7 7.O-O d6 8.f4 Nf6
9.Nc3 b5 10.e5 Nfd7 11.exd6 Bxd6 12.Kh1 b4 13.Ne4 Be7 14.Qh5 g6 15.Qa5 Qa7
16.a3 O-O 17.axb4 Nc6 18.Qa4 Nxb4 19.Na5 Qc7 20.Bd2 Nb6 21.Qb3 N6d5 22.c4 Nxd3
23.Qxd3 Nb4 24.Qf3 Bd7 25.Bc3 Nc6 26.Bf6 Bb4 27.Nxc6 Qxc6 28.Qh3 Rfc8 29.Rf3 e5
30.f5 Bxf5 31.Rxf5 Qxe4 32.Rxe5 Qf4 33.Qf3 Qxf3 34.gxf3 Rc6 35.Be7 Bxe7 36.Rxe7 Rxc4
37.Rd1 Rb8 38.Rd2 Rcb4 39.Ree2 Rb3 40.Kg2 R8b5 41.Rf2 Kg7 42.Rc2 h5 43.Rcd2 a5
44.Rc2 Kf6 45.Rc6+ Kg5 46.Rcc2 f5 47.Rfd2 f4 48.Re2 Kh4 49.Rf2 Rg5+ 50.Kf1 Kh3
51.Rc4 Rf5 52.Rc6 g5 53.Rh6 h4 54.Rc6 Rfb5 55.Rcc2 Rd3 56.Rc1 Rbb3 57.Rc5 Rd1+
58.Ke2 Rb1 59.Kd2 R3xb2+  0-1

[Event "EYCC B14"]
[Site "Halkidiki GRE"]
[Date "2001.09.03"]
[Round "4"]
[White "Baramidze,D"]
[Black "Baratosi,D"]
[Result "1-0"]
[WhiteElo "2338"]
[BlackElo "2078"]

1.e4 c5 2.Nf3 e6 3.d4 cxd4 4.Nxd4 a6 5.Bd3 Qc7 6.Be3 Nc6 7.Nd2 Nf6 8.c4 b6
9.Nxc6 dxc6 10.O-O h5 11.h3 Bb7 12.f4 Nd7 13.e5 Nc5 14.Be2 Rd8 15.Qc2 a5
16.Rad1 Be7 17.Kh1 g6 18.Bxc5 Bxc5 19.Ne4 Ke7 20.Nxc5 bxc5 21.Qb3 Rxd1 22.Rxd1 Rd8
23.Rxd8 Kxd8 24.Kg1 Kc8 25.a3 Qd8 26.Qe3 Qe7 27.Kf1 Kc7 28.Ke1 Ba8 29.Kd1 Kb7
30.Qd2 Kb6 31.g3 Bb7 32.Kc2 Bc8 33.Kb3 Qd7 34.Qxd7 Bxd7 35.g4 hxg4 36.Bxg4 Be8
37.h4 f5 38.exf6 Bf7 39.Bf3 Kc7 40.Be4 Be8 41.Kc3 Kd6 42.Kd3 e5 43.f5 gxf5
44.Bxf5 Bh5 45.Ke3 a4 46.Kd3 Kc7 47.Bg4 Bg6+ 48.Ke3 Kd6 49.h5 Bh7 50.h6 e4
51.Kf4 Bg6 52.Bh3 Bh7 53.Bg2  1-0

[Event "EYCC G18"]
[Site "Halkidiki GRE"]
[Date "2001.09.03"]
[Round "4"]
[White "Tidman,S"]
[Black "Kisonova,K"]
[Result "0-1"]
[WhiteElo "2001"]
[BlackElo "2092"]

1.e4 c5 2.Nf3 e6 3.d4 cxd4 4.Nxd4 a6 5.Bd3 d6 6.c4 Nf6 7.Nc3 Nbd7 8.O-O b6
9.Qe2 Bb7 10.f4 Qc7 11.Kh1 Be7 12.Bd2 Rc8 13.Rae1 Qc5 14.Nf3 O-O 15.e5 Ne8
16.Ne4 Qc7 17.Neg5 g6 18.Qf2 h6 19.Nxe6 fxe6 20.Qg3 g5 21.fxg5 h5 22.Qh3 Ng7
23.Nd4 Nxe5 24.Nxe6 Qd7 25.Bh7+ Kxh7 26.Nxf8+ Bxf8 27.g6+ Kg8 28.Qb3 Qc6
29.Rf2 Ng4 30.Rfe2 d5 31.cxd5 Qd6 32.Qh3 Bxd5 33.Bc3 Qxg6 34.Rd2 Qf5 35.Qg3 Re8
36.Red1 Bc6 37.h3 Nf6 38.Rd8 Ne4 39.Qb8 Nf2+ 40.Kh2 Nxd1  0-1

[Event "EYCC B14"]
[Site "Halkidiki GRE"]
[Date "2001.09.03"]
[Round "4"]
[White "Adamski,M"]
[Black "Papin,V"]
[Result "0-1"]
[WhiteElo "2158"]
[BlackElo "2121"]

1.e4 c5 2.Nf3 e6 3.d4 cxd4 4.Nxd4 a6 5.Bd3 Qc7 6.Nc3 Nf6 7.O-O Be7 8.Qe2 d6
9.f4 e5 10.Nf3 O-O 11.f5 b5 12.Kh1 Bb7 13.a3 Nbd7 14.Bg5 Rfe8 15.Rae1 Rac8
16.Qf2 Bc6 17.h3 Qb7 18.b4 Bf8 19.Qg3 Kh8 20.Bd2 d5 21.exd5 Bxd5 22.Nxd5 Qxd5
23.Be2 e4 24.Ng5 h6 25.Rd1 hxg5 26.Bxg5 Qc6  0-1

[Event "EYCC G16"]
[Site "Halkidiki GRE"]
[Date "2001.09.03"]
[Round "4"]
[White "Vasilevich,I"]
[Black "Igla,B"]
[Result "1-0"]
[WhiteElo "2227"]
[BlackElo "2088"]

1.e4 c5 2.Nf3 e6 3.d4 cxd4 4.Nxd4 a6 5.Bd3 Nf6 6.O-O e5 7.Nf3 d6 8.Nc3 Be7
9.a4 Nc6 10.Bg5 O-O 11.Bxf6 Bxf6 12.Nd2 Be6 13.Nc4 Rc8 14.Ne3 Bg5 15.Ned5 Ne7
16.Nxe7+ Qxe7 17.Re1 Rcd8 18.Bf1 f5 19.exf5 Rxf5 20.Bd3 Rf7 21.Be4 Qf6 22.Bf3 Qh6
23.Bd5 Rdf8 24.Ne4 Bd8 25.Qd3 Bb6 26.Re2 Bxd5 27.Qxd5 Kh8 28.a5 Ba7 29.Rd1 Qh4
30.Rdd2 Bb8 31.g3 Qd8 32.b4 Bc7 33.c3 b6 34.axb6 Bxb6 35.Qxd6 Qxd6 36.Rxd6 Rb7
37.Re6 a5 38.Nd6 Rbb8 39.Nc4 Bc7 40.bxa5 Ra8 41.a6 Kg8 42.Rc6 Rf7 43.Nxe5 Bxe5
44.Rxe5 Rfa7 45.Ra5 Kf7 46.Rb6  1-0

[Event "FSIMA September"]
[Site "Budapest HUN"]
[Date "2001.09.04"]
[Round "4"]
[White "Resika,N"]
[Black "Soos,B"]
[Result "0-1"]
[WhiteElo "2203"]
[BlackElo "2302"]

1.e4 c5 2.Nf3 e6 3.d4 cxd4 4.Nxd4 a6 5.Bd3 Nf6 6.O-O d6 7.c4 g6 8.Nc3 Bg7
9.Be3 O-O 10.Rc1 b6 11.f3 Bb7 12.Qd2 Nbd7 13.Rfd1 Qc7 14.Bf1 Rfd8 15.Nd5 exd5
16.cxd5 Nc5 17.b4 Nfd7 18.bxc5 bxc5 19.Nb3 a5 20.a4 Ba6 21.Bxa6 Rxa6 22.Nd4 Ne5
23.Qe2 Qb7 24.Nb5 Rda8 25.Rb1 Qd7 26.h3 f5 27.f4 Nf7 28.exf5 gxf5 29.Qd3 Rb6
30.Re1 Re8 31.Bd2 Rbb8 32.Rxe8+ Rxe8 33.Re1 Rxe1+ 34.Bxe1 Bh6 35.g3 Bg7 36.Kf2 Qc8
37.Qc4 Qd8 38.Qe2 Bd4+ 39.Kf3 Bf6 40.Qe6 Kg7 41.Qxf5 c4 42.Qe4 Qc8 43.g4 c3
44.Nd4 Kf8 45.Bf2 Bxd4 46.Bxd4 c2 47.Bb2 c1=Q 48.Bxc1 Qxc1 49.Kf2 Qa3 50.Kg2 Qc3
51.h4 Kg7 52.h5 Qb4 53.Kf3 Qd2  0-1

[Event "IX Open"]
[Site "Albacete ESP"]
[Date "2001.09.06"]
[Round "9"]
[White "Korneev,O"]
[Black "Hellsten,J"]
[Result "1/2-1/2"]
[WhiteElo "2572"]
[BlackElo "2471"]

1.e4 c5 2.Nf3 e6 3.d4 cxd4 4.Nxd4 a6 5.Bd3 Nf6 6.O-O Qc7 7.Qe2 d6 8.c4 g6
9.Nc3 Bg7 10.Rd1 O-O 11.Nf3 Nc6 12.Bf4 e5 13.Be3 Bg4 14.h3 Nd4 15.Bxd4 exd4
16.Nd5 Bxf3 17.Nxf6+ Bxf6 18.Qxf3 Be7 19.g3 h5 20.h4 a5 21.b3 b6 22.Qe2 Qc5
23.f4 Rfe8 24.a3 Ra7 25.Kh2 Qc7 26.Re1 Qc5 27.Qd2 Qc7 28.Re2 Qc5 29.Ree1 Qc7
30.Re2 Qc5  1/2-1/2

[Event "3rd Open"]
[Site "Glyfada GRE"]
[Date "2001.09.06"]
[Round "7"]
[White "Kotronias,V"]
[Black "Kalesis,N"]
[Result "1-0"]
[WhiteElo "2528"]
[BlackElo "2398"]

1.e4 c5 2.Nf3 e6 3.d4 cxd4 4.Nxd4 a6 5.Bd3 d6 6.O-O g6 7.c4 Bg7 8.Be3 Nc6
9.Nxc6 bxc6 10.Nc3 Ne7 11.Qd2 c5 12.Bc2 Nc6 13.Ba4 Qc7 14.Rad1 Ke7 15.Bg5+ f6
16.Bxc6 Qxc6 17.Bh6 Bxh6 18.Qxh6 Kf7 19.Rd3 Bb7 20.Rfd1 Rad8 21.f3 Qc7 22.f4 Qc6
23.R1d2 Qb6 24.h3 f5 25.exf5 exf5 26.Re3 Rd7 27.Rde2 Qd8 28.Re6 Qf8 29.Qh4 Qd8
30.Qg3 Rg8 31.h4 Rf8 32.h5 Rg8 33.h6 Rf8 34.Qd3 Kg8 35.Nd5 Bxd5 36.Qxd5 Kh8
37.b4 cxb4 38.Qd4+ Kg8 39.Rxd6 Rff7 40.c5 a5 41.Ree6 Rxd6 42.Rxd6 Qe7 43.Rd8+ Rf8
44.Rxf8+ Qxf8 45.Qg7+  1-0